[Event "AUTO-OPEN-4542"]
[Site "http://www.queenalice.com/game.php?id=1841741"]
[Date "2024.8.11"]
[Round "1"]
[White "CHECKMATE88"]
[Black "BobFicha"]
[Result "1-0"]
[WhiteElo "2074"]
[BlackElo "2017"]

1. e4 e5 2. Nf3 d6 3. d4 f6 4. Bc4 g5 5. Nxg5 fxg5 6. Qh5+ Kd7 7. dxe5 dxe5 8.
Bxg5 Be7 9. Nc3 Bxg5 10. Rd1+ Kc6 11. Rxd8 1-0

[Event "AUTO-OPEN-4566"]
[Site "http://www.queenalice.com/game.php?id=1849240"]
[Date "2024.12.23"]
[Round "1"]
[White "josebaron"]
[Black "CHECKMATE88"]
[Result "0-1"]
[WhiteElo "2190"]
[BlackElo "2268"]

1. e4 c5 2. Nf3 d6 3. Bb5+ Nd7 4. Bxd7+ Bxd7 5. O-O Nf6 6. e5 dxe5 7. Nxe5 g6 8.
Nxd7 Qxd7 9. d3 Bg7 10. Nc3 b5 11. Qf3 O-O 12. Re1 Rfd8 13. b3 Ng4 14. Bb2 Ne5
15. Qe3 Qf5 16. Rab1 b4 17. Na4 Rd5 18. Qe4 Qxe4 19. Rxe4 Rc8 20. Bxe5 Bxe5 21.
Rbe1 f6 22. g3 Kf7 23. Kg2 Rd4 24. R4e2 Rd7 25. Re4 Bd4 26. R4e2 f5 27. Re6 Rcc7
28. Ra6 Rd6 29. Ra5 Re6 30. Rxe6 Kxe6 31. Ra6+ Kd5 32. h4 e6 33. Kf1 f4 34. Kg2
fxg3 35. f4 e5 36. Kxg3 Re7 37. Kg4 Rf7 38. fxe5 Bxe5 39. Ra5 Rf4+ 40. Kh3 h5
41. Rxc5+ Kd6 42. Kg2 Rxh4 0-1

[Event "AUTO-OPEN-4566"]
[Site "http://www.queenalice.com/game.php?id=1849241"]
[Date "2024.12.23"]
[Round "1"]
[White "CHECKMATE88"]
[Black "josebaron"]
[Result "1-0"]
[WhiteElo "2212"]
[BlackElo "2150"]

1. e4 e5 2. Nf3 Nc6 3. Bb5 d6 4. d4 exd4 5. Nxd4 Bd7 6. Nc3 Nf6 7. Bxc6 Bxc6 8.
Qe2 Be7 9. Be3 O-O 10. f3 Re8 11. O-O-O Bf8 12. g4 Bd7 13. Nf5 Bxf5 14. gxf5 c6
15. Bg5 b5 16. Rhg1 b4 17. Na4 Kh8 18. Qg2 Qe7 19. Kb1 Qe5 20. Be3 Rad8 21. Bd4
Qe7 22. b3 g6 23. Qg5 Bg7 24. h4 Rg8 25. Bb2 c5 26. Rh1 gxf5 27. Rhe1 Rde8 28.
Qxf5 Rd8 29. h5 Nd7 30. Bxg7+ Rxg7 31. f4 h6 32. e5 dxe5 33. Rd2 Rgg8 34. fxe5
1-0

[Event "AUTO-OPEN-4566"]
[Site "http://www.queenalice.com/game.php?id=1849264"]
[Date "2024.12.23"]
[Round "1"]
[White "bmax"]
[Black "CHECKMATE88"]
[Result "0-1"]
[WhiteElo "2264"]
[BlackElo "2250"]

1. d4 Nf6 2. Bf4 g6 3. e3 Bg7 4. Nf3 d6 5. c3 O-O 6. Nbd2 Nh5 7. Bg5 c5 8. Be2
cxd4 9. exd4 h6 10. Be3 Nf6 11. Qb3 Nc6 12. O-O Qc7 13. Nc4 Be6 14. Nh4 g5 15.
Nf3 Na5 16. Qc2 Bxc4 17. Bxc4 Nxc4 18. Rfe1 Nxe3 19. Rxe3 Rae8 20. h4 g4 21. Nh2
Kh8 22. Rae1 Nd5 23. Re4 f5 24. Re6 Nf4 25. R6e3 Qc6 26. f3 Bxd4 0-1

[Event "AUTO-OPEN-4566"]
[Site "http://www.queenalice.com/game.php?id=1849265"]
[Date "2024.12.23"]
[Round "1"]
[White "CHECKMATE88"]
[Black "bmax"]
[Result "1-0"]
[WhiteElo "2281"]
[BlackElo "2268"]

1. e4 c6 2. d4 d5 3. e5 Bf5 4. Nf3 e6 5. Be2 c5 6. Be3 cxd4 7. Nxd4 Ne7 8. c4
Nbc6 9. Qa4 a6 10. Nc3 dxc4 11. O-O-O Bd3 12. Bxd3 cxd3 13. Rxd3 Qc8 14. Ne4 Nd5
15. Nxc6 bxc6 16. Kb1 Be7 17. Rc1 O-O 18. Rxc6 Qd7 19. a3 Rfc8 20. Rc4 Qxa4 21.
Rxa4 h6 22. Bd4 Nf4 23. Rb3 Nxg2 24. Rb7 Bg5 25. Nxg5 hxg5 26. Rb6 a5 27. Rb5
Nf4 28. Raxa5 Rxa5 29. Rxa5 Ne2 30. Be3 f5 31. Rc5 Rd8 32. Bxg5 Rd1+ 33. Kc2 Rf1
34. Be3 f4 35. Rc8+ Kf7 36. Bc5 Kg6 37. b4 Ra1 38. Kb2 1-0

[Event "AUTO-OPEN-4566"]
[Site "http://www.queenalice.com/game.php?id=1849278"]
[Date "2024.12.23"]
[Round "1"]
[White "SGF"]
[Black "CHECKMATE88"]
[Result "0-1"]
[WhiteElo "1848"]
[BlackElo "2210"]

1. e4 c5 2. Qf3 Nc6 3. c3 Nf6 4. Be2 d5 5. d3 h6 6. Bf4 e5 7. exd5 Bg4 8. Qg3
exf4 9. Qxf4 Bd6 10. Qe3+ Ne7 11. h3 Nxd5 12. Qd2 Bf5 13. g4 Bh7 14. Bf3 Nf4 15.
Bxb7 Nxd3+ 16. Kf1 Rb8 17. Ba6 Bf4 18. Qd1 O-O 19. Bxd3 Bxd3+ 20. Ne2 Rxb2 21.
Kg1 Rxe2 22. Na3 Ng6 23. c4 Qd4 24. Qf1 Rxf2 25. Qxf2 Qxa1+ 26. Kg2 Be4+ 27. Qf3
Qb2+ 28. Kf1 Bxf3 29. Rg1 Qe2# 0-1

[Event "AUTO-OPEN-4566"]
[Site "http://www.queenalice.com/game.php?id=1849279"]
[Date "2024.12.23"]
[Round "1"]
[White "CHECKMATE88"]
[Black "SGF"]
[Result "1-0"]
[WhiteElo "2210"]
[BlackElo "1720"]

1. e4 e5 2. Nf3 Qf6 3. Nc3 c6 4. d4 d6 5. Bg5 Qg6 6. dxe5 h6 7. Bf4 dxe5 8. Nxe5
Qe6 9. Bc4 Qd6 10. Bxf7+ Ke7 11. Ng6+ Qxg6 12. Bxg6 Nf6 13. Qd6# 1-0

[Event "AUTO-OPEN-4538"]
[Site "http://www.queenalice.com/game.php?id=1850867"]
[Date "2025.1.24"]
[Round "2"]
[White "CHECKMATE88"]
[Black "MarcosT"]
[Result "1-0"]
[WhiteElo "2240"]
[BlackElo "2063"]

1. e4 e5 2. Nf3 Nf6 3. Nxe5 Nc6 4. Nxc6 dxc6 5. Nc3 Bb4 6. d3 Ba5 7. Be2 h5 8.
O-O Be6 9. h3 Qd7 10. Na4 Bb4 11. f4 Qd4+ 12. Kh1 Ba5 13. c3 Qd8 14. f5 Bd7 15.
Bg5 Qe7 16. d4 Qxe4 17. Nc5 Qe7 18. Nxb7 Bb6 19. Re1 Bxf5 20. Bf3 Be6 21. Bxc6+
Kf8 22. d5 1-0

[Event "AUTO-OPEN-4538"]
[Site "http://www.queenalice.com/game.php?id=1850868"]
[Date "2025.1.24"]
[Round "2"]
[White "MarcosT"]
[Black "CHECKMATE88"]
[Result "0-1"]
[WhiteElo "2063"]
[BlackElo "2229"]

1. d4 Nf6 2. e3 d5 3. Bd3 c5 4. c3 Nc6 5. f4 Bg4 6. Nf3 e6 7. O-O Bd6 8. Qe1 Bf5
9. Bxf5 exf5 10. Ne5 O-O 11. Rf3 Rc8 12. Rh3 Re8 13. Nd2 Qb6 14. Ndf3 h6 15. Qh4
Bf8 16. Qg3 Ne4 17. Qh4 Nxe5 18. Nxe5 Qe6 19. a4 g6 20. g4 Bg7 21. gxf5 Qxf5 22.
Qe1 Qxh3 0-1

[Event "Let's Play Chess!"]
[Site "http://www.queenalice.com/game.php?id=1852304"]
[Date "2025.2.16"]
[Round "-"]
[White "CHECKMATE88"]
[Black "sandrax"]
[Result "1-0"]
[WhiteElo "2198"]
[BlackElo "2004"]

1. e4 c5 2. Nf3 d6 3. d4 cxd4 4. Nxd4 Nf6 5. Nc3 a6 6. Bc4 e6 7. Be3 Nc6 8. Bb3
Be7 9. f4 O-O 10. O-O Qc7 11. f5 exf5 12. Nxf5 Bxf5 13. Rxf5 g6 14. Rxf6 Bxf6
15. Nd5 Qd8 16. Bb6 1-0

[Event "AUTO-ELITE-2569"]
[Site "http://www.queenalice.com/game.php?id=1852345"]
[Date "2025.2.17"]
[Round "1"]
[White "CHECKMATE88"]
[Black "Sexxy_Bunny"]
[Result "1/2-1/2"]
[WhiteElo "2378"]
[BlackElo "2663"]

1. e4 c5 2. Nf3 d6 3. d4 cxd4 4. Nxd4 Nf6 5. Nc3 a6 6. h3 e5 7. Nb3 Be6 8. Be3
Be7 9. f4 exf4 10. Bxf4 O-O 11. Qf3 Nbd7 12. O-O-O Rc8 13. g4 h6 14. Kb1 Re8 15.
Be2 b5 16. Rhf1 Qc7 17. Nd4 Ne5 18. Qg2 Nh7 19. Nd5 Bxd5 20. exd5 Bf6 21. c3 Nc4
22. Nc6 Nb6 23. Bf3 Ng5 24. Bxg5 Bxg5 25. Qf2 Be3 26. Qg2 Nc4 27. h4 Bb6 28. g5
Ne3 29. Qh3 Ra8 30. Bg4 Nxf1 31. Rxf1 Re3 32. Qg2 Rae8 33. gxh6 Re1+ 34. Kc2
Rxf1 35. Qxf1 Be3 36. hxg7 Bh6 37. Qg1 Bxg7 38. h5 Kh8 39. a3 a5 40. Qh2 f5 41.
Bxf5 Qf7 42. Bg6 Qf3 43. Bxe8 Qe4+ 44. Kb3 Qc4+ 45. Kc2 Qe4+ 46. Kb3 Qc4+ 47.
Kc2 Qe4+ 1/2-1/2

[Event "AUTO-ELITE-2569"]
[Site "http://www.queenalice.com/game.php?id=1852346"]
[Date "2025.2.17"]
[Round "1"]
[White "Sexxy_Bunny"]
[Black "CHECKMATE88"]
[Result "1/2-1/2"]
[WhiteElo "2650"]
[BlackElo "2387"]

1. e4 c6 2. d4 d5 3. e5 Bf5 4. Nf3 e6 5. Be2 Nd7 6. O-O h6 7. Nbd2 Ne7 8. Nb3 g5
9. a4 Bg7 10. a5 O-O 11. c3 Rc8 12. h4 g4 13. Ne1 h5 14. f3 g3 15. Bf4 f6 16.
Bxg3 fxe5 17. dxe5 Nxe5 18. Bxe5 Bxe5 19. f4 Bb8 20. Bxh5 c5 21. Rf2 d4 22. cxd4
Nd5 23. g3 c4 24. Nc5 b6 25. Na4 Kh8 26. Nf3 Nxf4 27. gxf4 Bxf4 28. Nc3 Rg8+ 29.
Kh1 Rg3 30. Rh2 Rxf3 31. Bxf3 Bxh2 32. Qd2 Bg3 33. Qh6+ Bh7 34. Be4 Qxh4+ 35.
Qxh4 Bxh4 36. Bxh7 Kxh7 37. a6 Bf6 38. Nb5 e5 39. Nxa7 Ra8 40. Nb5 exd4 41. a7
d3 42. Rb1 Bxb2 43. Rxb2 Rxa7 44. Kg2 Rd7 45. Nc3 d2 46. Nd1 c3 47. Rc2 Re7 48.
Kf3 Re1 49. Nxc3 Rc1 50. Rxd2 Rxc3+ 51. Ke4 Rc4+ 52. Kd5 Rc5+ 53. Kd4 Rg5 54.
Kc4 Rc5+ 1/2-1/2